1044 1336 1810 1564 1051 1830 1791 1103 1239 1312 1228 1247 1568 1032 1699 1265 1031 1894 1668 1256 1417 1449 1820 1487 1762 1268 1454 1592 1050 1577 1862 1492 1443 1735 1844 1831 1076 1467 1832 1955 1754 1583 1738 1230 1800 1537 1649 1555 1414 1203 1280 1517 1314 1253 1939 1738 1431 1900 1496 1957 1937 1957 1523 1677 1802 1193 1916 1439 1695 1375 1901 1325 1434 1500 1355 1225 1951 1876 1694 1410 1434 1578 1314 1578 1711 1642 1065 1943 1192 1429 1900 1839 1837 1323 1268 1026 1336 1050 1623 BCNSPRNW ULIB Ver.6.0+V

เปลี่ยนเป็นภาษาไทย

Change to English
 แสดงรายละเอียดบรรณานุกรม
  กลับหน้าหลัก

Brief Record : Get Marc (ISO 2709) : E-mail record : QR code < ปิดหน้าต่าง
LEADER : 00000nam 2200000uu 4500
001    13399126946
003     ULIB
008    190912s2559||||th 000 0 tha d
020    ^a9786163550279
060    ^aWY161^bก492 ล.4
245 00 ^aการพยาบาลทางศัลยศาสตร์ เล่ม 4 /^cสมพร ชินโนรส; บรรณาธิการ
250    ^aพิมพ์ครั้งที่ 2 (ฉบับปรับปรุง)
260    ^aกรุงเทพฯ :^bโครงการตำรารามาธิบดี ภาควิชาพยาบาลศาสตร์ คณะแพทยศาสตร์โรงพยาบาลรามาธิบดี มหาวิทยาลัยมหิดล,^c2559
300    ^a229 หน้า :^bภาพประกอบ ;^c27 ซม.
650  4 ^aการพยาบาลศัลยศาสตร์
700 0  ^aสมพร ชินโนรส,^eบรรณาธิการ
710 2  ^aมหาวิทยาลัยมหิดล. ^bคณะแพทยศาสตร์โรงพยาบาลรามาธิบดี. ^bภาควิชาพยาบาลศาสตร์ โครงการตำรารามาธิบดี.
945    ^p300^l0^i27671
945    ^p300^l0^i27667
945    ^p300^l0^i27668
945    ^p300^l0^i27669
945    ^p300^l0^i27670
999    ^aกัณชพร จุลอักษร
รายการนี้ยังไม่มีแท็ก
คุณยังไม่ได้ล็อกอิน คุณสามารถมีกิจกรรมร่วมกับเว็บไซต์ได้ แต่ต้องล็อกอินก่อน ::
  ล็อกอิน

รายการสื่อสารสนเทศ

ลำดับที่ ประเภท เลขเรียก/บาร์โค้ด สถานที่ สถานะ
1. หนังสือสำรอง
หนังสือสำรอง
WY161 ก492 ล.4 ฉ.1 
  Barcode: 27667
ห้องสมุดวิทยาเขตนครสวรรค์
►หนังสือทั่วไป:l:General Books
บนชั้น
2. วิทยาศาสตร์การแพทย์ และสุขภาพ
วิทยาศาสตร์การแพทย์ และสุขภาพ
WY161 ก492 ล.4 ฉ.2 
  Barcode: 27668
ห้องสมุดวิทยาเขตนครสวรรค์
►หนังสือทั่วไป:l:General Books
บนชั้น
3. วิทยาศาสตร์การแพทย์ และสุขภาพ
วิทยาศาสตร์การแพทย์ และสุขภาพ
WY161 ก492 ล.4 ฉ.3 
  Barcode: 27669
ห้องสมุดวิทยาเขตนครสวรรค์
►หนังสือทั่วไป:l:General Books
ถูกยืม กำหนดส่งวันที่ 4 กรกฎาคม 2568
  จอง
4. วิทยาศาสตร์การแพทย์ และสุขภาพ
วิทยาศาสตร์การแพทย์ และสุขภาพ
WY161 ก492 ล.4 ฉ.4 
  Barcode: 27670
ห้องสมุดวิทยาเขตนครสวรรค์
►หนังสือทั่วไป:l:General Books
บนชั้น
5. วิทยาศาสตร์การแพทย์ และสุขภาพ
วิทยาศาสตร์การแพทย์ และสุขภาพ
WY161 ก492 ล.4 ฉ.5 
  Barcode: 27671
ห้องสมุดวิทยาเขตนครสวรรค์
►หนังสือทั่วไป:l:General Books
บนชั้น

รายการใกล้เคียง
    หัวเรื่อง [การพยาบาลศัลยศาสตร์]

BibComment


ยังไม่เคยถูกคอมเมนท์

คอมเมนท์ทรัพยากรรายการนี้
  คอมเมนท์: การพยาบาลทางศัลย..


 Copyright 2026. Bcnsprnw @Library